00723nam a2200169 a 450000100100000000500170001000800410002704000250006810000560009324500990014926000720024830000210032050000330034150000570037495201050043199900170053600004294720240305140748.0140213s2011 dr 001 0 spa d aDO-SdBNPbspacBNPHU1 a Rosa y Carpio, Ramón Benito de la,d1939-97415910aBenedicto XVI :bsobre el amor, la verdad y otros temas /cRamón Benito de la Rosa y Carpio. aSanto Domingo, :bDirección General de la Feria del Libro,c2011. a297 p. ;c23 cm. aIncluye índice analítico aIncluye datos biografícos del autor en las solapas 0010718PDaPDbPDcCTd2014-02-13iLF1l0o p42947-10r2020-06-25w2020-06-25yLFPDZNo se presta c42436d42436